[Event "OeISM_Rapid_u12_Girls"]
[Site "AUT_girls_U12"]
[Date "2020.12.13"]
[Round "5"]
[White "Athene"]
[Black "Jaguarjungle"]
[Result "0-1"]
[WhiteElo "1579"]
[BlackElo "1421"]
[Annotator "NA"]
[PlyCount "52"]
[EventDate "2020.12.13"]
[EventType "blitz"]
[TimeControl "600+3"]

1. e4 {[%emt 0:00:07]} e5 {[%emt 0:00:02]} 2. Nf3 {[%emt 0:00:02]} Nc6 {[%emt 0:00:01]} 3. d4 {[%emt 0:00:02]} exd4 {[%emt 0:00:17]} 4. Bc4 {[%emt 0:00:03]} Bc5 {[%emt 0:00:05]} 5. c3 {[%emt 0:00:03]} dxc3 {[%emt 0:00:11]} 6. Nxc3 {[%emt 0:00:00]} Nge7 {[%emt 0:00:09]} 7. O-O {[%emt 0:00:02]} O-O {[%emt 0:00:04]} 8. Bg5 {[%emt 0:00:06]} h6 {[%emt 0:00:03]} 9. Bh4 {[%emt 0:00:02]} d6 {[%emt 0:00:06]} 10. Re1 {[%emt 0:00:03]} Bg4 {[%emt 0:00:03]} 11. h3 {[%emt 0:00:04]} Bh5 {[%emt 0:00:02]} 12. Qd3 {[%emt 0:00:04]} Qd7 {[%emt 0:00:04]} 13. Rad1 {[%emt 0:00:02]} b6 {[%emt 0:00:03]} 14. Rd2 {[%emt 0:00:18]} a5 {[%emt 0:00:04]} 15. e5 {[%emt 0:00:05]} Rfe8 {[%emt 0:00:18]} 16. exd6 {[%emt 0:00:07]} Bxd6 {[%emt 0:00:13]} 17. Ne5 {[%emt 0:00:18]} Nxe5 {[%emt 0:00:07]} 18. Qd4 {[%emt 0:00:12]} Nxc4 {[%emt 0:00:17]} 19. Qxc4 {[%emt 0:00:04]} Rad8 {[%emt 0:00:18]} 20. Nd5 {[%emt 0:00:09]} c6 {[%emt 0:00:27]} 21. Nxb6 {[%emt 0:00:15]} Qc7 {[%emt 0:00:15]} 22. Bxe7 {[%emt 0:00:07]} Bh2+ {[%emt 0:00:14]} 23. Kf1 {[%emt 0:00:11]} Rxd2 {[%emt 0:00:03]} 24. Bd6 {[%emt 0:00:34]} Rxe1+ {[%emt 0:00:13]} 25. Kxe1 {[%emt 0:00:05]} Qxd6 {[%emt 0:00:04]} 26. Qc3 {[%emt 0:00:15]} Rd1# {[%emt 0:00:10] Mate Mate} 0-1

[Event "OeISM_Rapid_u12_Girls"]
[Site "AUT_girls_U12"]
[Date "2020.12.13"]
[Round "5"]
[White "Orchidee14"]
[Black "Ju_Fa29"]
[Result "0-1"]
[WhiteElo "1367"]
[BlackElo "1735"]
[Annotator "NA"]
[PlyCount "32"]
[EventDate "2020.12.13"]
[EventType "blitz"]
[TimeControl "600+3"]

1. e4 {[%emt 0:00:14]} e5 {[%emt 0:00:02]} 2. Nf3 {[%emt 0:00:03]} Nc6 {[%emt 0:00:03]} 3. d4 {[%emt 0:00:03]} exd4 {[%emt 0:00:11]} 4. Nxd4 {[%emt 0:00:02]} Nf6 {[%emt 0:00:05]} 5. Nc3 {[%emt 0:00:23]} Bc5 {[%emt 0:00:08]} 6. Nxc6 {[%emt 0:00:16]} bxc6 {[%emt 0:00:06]} 7. Bg5 {[%emt 0:00:16]} Be7 {[%emt 0:00:14]} 8. e5 {[%emt 0:00:08]} Nd5 {[%emt 0:00:20]} 9. Bxe7 {[%emt 0:00:09]} Qxe7 {[%emt 0:00:11]} 10. Nxd5 {[%emt 0:00:14]} Qxe5+ {[%emt 0:00:19]} 11. Ne3 {[%emt 0:00:11]} Qxb2 {[%emt 0:00:18]} 12. Qg4 {[%emt 0:00:12]} Qxa1+ {[%emt 0:00:14]} 13. Nd1 {[%emt 0:00:04]} O-O {[%emt 0:00:22]} 14. Bd3 {[%emt 0:00:06]} Re8+ {[%emt 0:00:09]} 15. Kf1 {[%emt 0:00:06]} d6 {[%emt 0:00:31]} 16. Qh4 {[%emt 0:00:08]} Qxd1# {[%emt 0:00:09] Mate Mate} 0-1

[Event "OeISM_Rapid_u12_Girls"]
[Site "AUT_girls_U12"]
[Date "2020.12.13"]
[Round "6"]
[White "Ju_Fa29"]
[Black "Jaguarjungle"]
[Result "1/2-1/2"]
[WhiteElo "1745"]
[BlackElo "1489"]
[Annotator "NA"]
[PlyCount "93"]
[EventDate "2020.12.13"]
[EventType "blitz"]

1. e4 {[%emt 0:00:06]} e5 {[%emt 0:00:02]} 2. Nf3 {[%emt 0:00:02]} Nc6 {[%emt 0:00:03]} 3. Bc4 {[%emt 0:00:03]} Bc5 {[%emt 0:00:03]} 4. c3 {[%emt 0:00:02]} Nf6 {[%emt 0:00:03]} 5. d4 {[%emt 0:00:05]} exd4 {[%emt 0:00:12]} 6. cxd4 {[%emt 0:00:03]} Bb6 {[%emt 0:00:06]} 7. Nc3 {[%emt 0:00:10]} d6 {[%emt 0:00:11]} 8. Bf4 {[%emt 0:00:15]} Bg4 {[%emt 0:00:05]} 9. h3 {[%emt 0:00:09]} Bh5 {[%emt 0:00:02]} 10. Be2 {[%emt 0:00:55]} h6 {[%emt 0:00:07]} 11. O-O {[%emt 0:00:15]} O-O {[%emt 0:00:04]} 12. Qd2 {[%emt 0:00:06]} Qd7 {[%emt 0:00:10]} 13. Rad1 {[%emt 0:00:40]} Qe6 {[%emt 0:00:16]} 14. d5 {[%emt 0:00:14]} Nxd5 {[%emt 0:00:04]} 15. exd5 {[%emt 0:00:04]} Qe7 {[%emt 0:00:18]} 16. dxc6 {[%emt 0:00:04]} bxc6 {[%emt 0:00:00]} 17. Rfe1 {[%emt 0:00:22]} Qd7 {[%emt 0:00:15]} 18. a3 {[%emt 0:00:39]} a6 {[%emt 0:00:19]} 19. b4 {[%emt 0:00:05]} Qc8 {[%emt 0:00:03]} 20. Nd4 {[%emt 0:00:10]} c5 {[%emt 0:00:05]} 21. Bxh5 {[%emt 0:00:07]} Qb7 {[%emt 0:00:04]} 22. bxc5 {[%emt 0:00:13]} Bxc5 {[%emt 0:00:04]} 23. Rb1 {[%emt 0:00:09]} Qa7 {[%emt 0:00:03]} 24. Nc6 {[%emt 0:00:06]} Bxf2+ {[%emt 0:00:13]} 25. Qxf2 {[%emt 0:00:11]} Qxf2+ {[%emt 0:00:01]} 26. Kxf2 {[%emt 0:00:03]} g6 {[%emt 0:00:05]} 27. Bg4 {[%emt 0:00:13]} Kg7 {[%emt 0:00:02]} 28. Re7 {[%emt 0:00:08]} Rae8 {[%emt 0:00:10]} 29. Rbe1 {[%emt 0:00:10]} Rxe7 {[%emt 0:00:07]} 30. Rxe7 {[%emt 0:00:04]} g5 {[%emt 0:00:25]} 31. Bg3 {[%emt 0:00:26]} Kf6 {[%emt 0:00:31]} 32. Rxc7 {[%emt 0:00:06]} Re8 {[%emt 0:00:05]} 33. Bxd6 {[%emt 0:00:15]} Kg6 {[%emt 0:00:21]} 34. Nd5 {[%emt 0:00:15]} h5 {[%emt 0:00:09]} 35. Bf3 {[%emt 0:00:16]} Re6 {[%emt 0:00:07]} 36. Nde7+ {[%emt 0:00:15]} Kg7 {[%emt 0:00:06]} 37. Be5+ {[%emt 0:00:07]} Kh6 {[%emt 0:00:09]} 38. Nf5+ {[%emt 0:00:06]} Kg6 {[%emt 0:00:05]} 39. Nce7+ {[%emt 0:00:07]} Kh7 {[%emt 0:00:06]} 40. Bd4 {[%emt 0:00:16]} a5 {[%emt 0:00:15]} 41. Bxh5 {[%emt 0:00:06]} a4 {[%emt 0:00:19]} 42. Nd5 {[%emt 0:00:14]} g4 {[%emt 0:00:07]} 43. Rxf7+ {[%emt 0:00:03]} Kg8 {[%emt 0:00:03]} 44. Nh6+ {[%emt 0:00:05]} Rxh6 {[%emt 0:00:04]} 45. Nf6+ {[%emt 0:00:12]} Rxf6+ {[%emt 0:00:13]} 46. Bxf6 {[%emt 0:00:06]} g3+ {[%emt 0:00:03]} 47. Kf3 {[%emt 0:00:25] Stalemate Stalemate} 1/2-1/2

[Event "OeISM_Rapid_u12_Girls"]
[Site "AUT_girls_U12"]
[Date "2020.12.13"]
[Round "6"]
[White "Chessellis"]
[Black "BiancaD"]
[Result "1-0"]
[WhiteElo "1702"]
[BlackElo "1602"]
[Annotator "NA RC"]
[PlyCount "137"]
[EventDate "2020.12.13"]
[EventType "blitz"]

1. e4 {[%emt 0:00:01]} e5 {[%emt 0:00:02]} 2. Nf3 {[%emt 0:00:01]} Nf6 {[%emt 0:00:01]} 3. Nxe5 {[%emt 0:00:02]} d6 {[%emt 0:00:02]} 4. Nf3 {[%emt 0:00:06]} Nxe4 {[%emt 0:00:04]} 5. d3 {[%emt 0:00:07]} Nf6 {[%emt 0:00:03]} 6. Be2 {[%emt 0:00:01]} Be7 {[%emt 0:00:03]} 7. O-O {[%emt 0:00:01]} O-O {[%emt 0:00:01]} 8. Nc3 {[%emt 0:00:02]} Nc6 {[%emt 0:00:03]} 9. Bf4 {[%emt 0:00:14]} Bg4 {[%emt 0:00:10]} 10. h3 {[%emt 0:00:04]} Bh5 {[%emt 0:00:02]} 11. Re1 {[%emt 0:00:04]} Re8 {[%emt 0:00:18]} 12. Qd2 {[%emt 0:00:03]} h6 {[%emt 0:00:16]} 13. Bg3 {[%emt 0:00:07]} Nd7 {[%emt 0:00:22]} 14. Nb5 {[%emt 0:00:23]} a6 {[%emt 0:00:05]} 15. Nc3 {[%emt 0:00:34]} Bf6 {[%emt 0:00:03]} 16. Rab1 {[%emt 0:00:08]} Be5 {[%emt 0:00:19]} 17. Ne4 {[%emt 0:00:11]} Bxg3 {[%emt 0:00:07]} 18. Nxg3 {[%emt 0:00:02]} Bxf3 {[%emt 0:00:03]} 19. Bxf3 {[%emt 0:00:01]} Nde5 {[%emt 0:00:10]} 20. Be4 {[%emt 0:00:18]} Nd7 {[%emt 0:00:14]} 21. Qf4 {[%emt 0:00:08]} Qf6 {[%emt 0:00:11]} 22. Qg4 {[%emt 0:00:13]} Qe6 {[%emt 0:00:38]} 23. Bh7+ {[%emt 0:00:08]} Kxh7 {[%emt 0:00:11]} 24. Rxe6 {[%emt 0:00:01]} Rxe6 {[%emt 0:00:09]} 25. Nh5 {[%emt 0:00:18]} Rg6 {[%emt 0:00:05]} 26. Qxd7 {[%emt 0:00:05]} Rg5 {[%emt 0:00:30]} 27. Ng3 {[%emt 0:00:27]} Ne5 {[%emt 0:00:25]} 28. Qxc7 {[%emt 0:00:12]} Re8 {[%emt 0:00:19]} 29. Qxb7 {[%emt 0:00:26]} Re6 {[%emt 0:00:34]} 30. Qxa6 {[%emt 0:00:11]} Rf6 {[%emt 0:00:12]} 31. Ne4 {[%emt 0:00:06]} Nf3+ {[%emt 0:00:06]} 32. Kh1 {[%emt 0:00:12]} d5 {[%emt 0:00:30]} 33. Nxg5+ {[%emt 0:00:10]} Nxg5 {[%emt 0:00:03]} 34. Qb5 {[%emt 0:00:09]} Rxf2 {[%emt 0:00:07]} 35. Qxd5 {[%emt 0:00:26]} Rxc2 {[%emt 0:00:04]} 36. h4 {[%emt 0:00:11]} Ne6 {[%emt 0:00:09]} 37. Qb3 {[%emt 0:00:25]} Rd2 {[%emt 0:00:05]} 38. Qc3 {[%emt 0:00:42]} Rf2 {[%emt 0:00:14]} 39. Kg1 {[%emt 0:00:14]} Re2 {[%emt 0:00:05]} 40. d4 {[%emt 0:00:05]} Nf4 {[%emt 0:00:04]} 41. Qf3 {[%emt 0:00:23]} g5 {[%emt 0:00:19]} 42. hxg5 {[%emt 0:00:02]} hxg5 {[%emt 0:00:03]} 43. g3 {[%emt 0:00:05]} Nh3+ {[%emt 0:00:11]} 44. Kf1 {[%emt 0:00:25]} Rf2+ {[%emt 0:00:06]} 45. Qxf2 {[%emt 0:00:02]} Nxf2 {[%emt 0:00:02]} 46. Kxf2 {[%emt 0:00:00]} Kg6 {[%emt 0:00:02]} 47. b4 {[%emt 0:00:02]} Kf6 {[%emt 0:00:01]} 48. b5 {[%emt 0:00:01]} Ke7 {[%emt 0:00:01]} 49. b6 {[%emt 0:00:01]} Kd7 {[%emt 0:00:01]} 50. b7 {[%emt 0:00:01]} Kc7 {[%emt 0:00:03]} 51. b8=Q+ {[%emt 0:00:02]} Kc6 {[%emt 0:00:01]} 52. Rc1+ {[%emt 0:00:03]} Kd7 {[%emt 0:00:02]} 53. Qc7+ {[%emt 0:00:06]} Ke6 {[%emt 0:00:03]} 54. Qd8 {[%emt 0:00:08]} Kf5 {[%emt 0:00:03] BiancaD offers a draw} 55. g4+ {[%emt 0:00:21]} Kxg4 {[%emt 0:00:02]} 56. Qd7+ {[%emt 0:00:06]} f5 {[%emt 0:00:02]} 57. Rg1+ {[%emt 0:00:04]} Kf4 {[%emt 0:00:02]} 58. Qd6+ {[%emt 0:00:25]} Ke4 {[%emt 0:00:04]} 59. Rxg5 {[%emt 0:00:04]} Kd3 {[%emt 0:00:02]} 60. Rxf5 {[%emt 0:00:05]} Kd2 {[%emt 0:00:03]} 61. Qe6 {[%emt 0:00:05]} Kd3 {[%emt 0:00:02]} 62. Kg3 {[%emt 0:00:03]} Kd2 {[%emt 0:00:01]} 63. d5 {[%emt 0:00:05]} Kd3 {[%emt 0:00:01]} 64. d6 {[%emt 0:00:03]} Kd4 {[%emt 0:00:02]} 65. Rd5+ {[%emt 0:00:05]} Kc3 {[%emt 0:00:01]} 66. d7 {[%emt 0:00:05]} Kc4 {[%emt 0:00:01]} 67. Qc6+ {[%emt 0:00:03]} Kb4 {[%emt 0:00:02]} 68. Rb5+ {[%emt 0:00:02]} Ka4 {[%emt 0:00:01]} 69. Qa6# {[%emt 0:00:01] Mate Mate} 1-0

[Event "OeISM_Rapid_u12_Girls"]
[Site "AUT_girls_U12"]
[Date "2020.12.13"]
[Round "6"]
[White "LBchessqueen"]
[Black "Athene"]
[Result "1-0"]
[WhiteElo "1594"]
[BlackElo "1511"]
[Annotator "NA"]
[PlyCount "53"]
[EventDate "2020.12.13"]
[EventType "blitz"]
[TimeControl "600+3"]

1. c4 {[%emt 0:00:13]} c5 {[%emt 0:00:14]} 2. d3 {[%emt 0:00:02]} Nc6 {[%emt 0:00:03]} 3. g3 {[%emt 0:00:02]} d6 {[%emt 0:00:02]} 4. Bg2 {[%emt 0:00:02]} Nf6 {[%emt 0:00:05]} 5. Nc3 {[%emt 0:00:02]} g6 {[%emt 0:00:10]} 6. Bg5 {[%emt 0:00:04]} Bg7 {[%emt 0:00:02]} 7. Qd2 {[%emt 0:00:02]} d5 {[%emt 0:00:06]} 8. Nxd5 {[%emt 0:00:30]} Nxd5 {[%emt 0:00:04]} 9. Bxd5 {[%emt 0:00:03]} f6 {[%emt 0:00:15]} 10. Bh6 {[%emt 0:00:10]} Bxh6 {[%emt 0:00:22]} 11. Qxh6 {[%emt 0:00:02]} Qd6 {[%emt 0:00:08]} 12. Qg7 {[%emt 0:00:09]} Rf8 {[%emt 0:00:07]} 13. Qxh7 {[%emt 0:00:04]} Be6 {[%emt 0:00:03]} 14. Qxg6+ {[%emt 0:00:04]} Kd7 {[%emt 0:00:07]} 15. Bxe6+ {[%emt 0:00:08]} Qxe6 {[%emt 0:00:03]} 16. Nf3 {[%emt 0:00:08]} Rg8 {[%emt 0:00:05]} 17. Qe4 {[%emt 0:00:07]} Qxe4 {[%emt 0:00:10]} 18. dxe4 {[%emt 0:00:01]} e5 {[%emt 0:00:06]} 19. O-O-O+ {[%emt 0:00:04]} Kc7 {[%emt 0:00:04]} 20. Rd5 {[%emt 0:00:10]} b6 {[%emt 0:00:07]} 21. Rhd1 {[%emt 0:00:03]} Nd4 {[%emt 0:00:07]} 22. Nxd4 {[%emt 0:00:03]} cxd4 {[%emt 0:00:04]} 23. e3 {[%emt 0:00:01]} dxe3 {[%emt 0:00:13]} 24. fxe3 {[%emt 0:00:02]} Rh8 {[%emt 0:00:06]} 25. Rd7+ {[%emt 0:00:02]} Kc6 {[%emt 0:00:04]} 26. b4 {[%emt 0:00:09]} Rxh2 {[%emt 0:00:05]} 27. R1d6# {[%emt 0:00:02] Mate Mate} 1-0

[Event "OeISM_Rapid_u12_Girls"]
[Site "AUT_girls_U12"]
[Date "2020.12.13"]
[Round "6"]
[White "HarryPotter09"]
[Black "Leefke Giselbrecht"]
[Result "1-0"]
[WhiteElo "1448"]
[BlackElo "1408"]
[Annotator "NA"]
[PlyCount "43"]
[EventDate "2020.12.13"]
[EventType "blitz"]
[TimeControl "600+3"]

1. e4 {[%emt 0:00:03]} c5 {[%emt 0:00:02]} 2. Nf3 {[%emt 0:00:02]} Nc6 {[%emt 0:00:02]} 3. d4 {[%emt 0:00:02]} cxd4 {[%emt 0:00:02]} 4. Nxd4 {[%emt 0:00:04]} g6 {[%emt 0:00:02]} 5. Nc3 {[%emt 0:00:02]} Bg7 {[%emt 0:00:03]} 6. Be3 {[%emt 0:00:03]} Nf6 {[%emt 0:00:03]} 7. f3 {[%emt 0:00:02]} d5 {[%emt 0:00:14]} 8. exd5 {[%emt 0:00:12]} Nxd5 {[%emt 0:00:05]} 9. Nxd5 {[%emt 0:00:04]} Qxd5 {[%emt 0:00:03]} 10. Nxc6 {[%emt 0:00:10]} Qxc6 {[%emt 0:00:11]} 11. Qd2 {[%emt 0:00:11]} O-O {[%emt 0:00:02]} 12. O-O-O {[%emt 0:00:12]} Qf6 {[%emt 0:00:19]} 13. Bd4 {[%emt 0:00:12]} e5 {[%emt 0:00:12]} 14. Bc5 {[%emt 0:00:07]} Re8 {[%emt 0:00:15]} 15. Bb5 {[%emt 0:00:04]} e4 {[%emt 0:00:14]} 16. Bd4 {[%emt 0:00:19]} e3 {[%emt 0:00:23]} 17. Bxf6 {[%emt 0:00:08]} exd2+ {[%emt 0:00:04]} 18. Rxd2 {[%emt 0:00:03]} Re6 {[%emt 0:00:11]} 19. Rd8+ {[%emt 0:00:10]} Bf8 {[%emt 0:00:03]} 20. Bg5 {[%emt 0:00:25]} Re5 {[%emt 0:00:11]} 21. Bh6 {[%emt 0:00:07]} Rxb5 {[%emt 0:00:08]} 22. Rxf8# {[%emt 0:00:05] Mate Mate} 1-0

[Event "OeISM_Rapid_u12_Girls"]
[Site "AUT_girls_U12"]
[Date "2020.12.13"]
[Round "7"]
[White "BiancaD"]
[Black "HarryPotter09"]
[Result "0-1"]
[WhiteElo "1590"]
[BlackElo "1463"]
[Annotator "NA"]
[PlyCount "172"]
[EventDate "2020.12.13"]
[EventType "blitz"]

1. e4 {[%emt 0:00:01]} c5 {[%emt 0:00:02]} 2. Nf3 {[%emt 0:00:01]} d6 {[%emt 0:00:04]} 3. Bc4 {[%emt 0:00:01]} Nf6 {[%emt 0:00:11]} 4. Nc3 {[%emt 0:00:04]} g6 {[%emt 0:00:03]} 5. h3 {[%emt 0:00:01]} Bg7 {[%emt 0:00:02]} 6. O-O {[%emt 0:00:02]} O-O {[%emt 0:00:04]} 7. d3 {[%emt 0:00:02]} Nc6 {[%emt 0:00:19]} 8. Re1 {[%emt 0:00:07]} Bd7 {[%emt 0:00:38]} 9. Bf4 {[%emt 0:00:18]} Rb8 {[%emt 0:01:11]} 10. e5 {[%emt 0:00:08]} dxe5 {[%emt 0:00:05]} 11. Nxe5 {[%emt 0:00:08]} Nxe5 {[%emt 0:00:22]} 12. Bxe5 {[%emt 0:00:04]} Ra8 {[%emt 0:00:02]} 13. Nd5 {[%emt 0:00:10]} b5 {[%emt 0:00:28]} 14. Nxf6+ {[%emt 0:00:13]} exf6 {[%emt 0:00:13]} 15. Bd6 {[%emt 0:00:05]} Re8 {[%emt 0:00:17]} 16. Bd5 {[%emt 0:00:06]} Rc8 {[%emt 0:00:21]} 17. Bb7 {[%emt 0:00:09]} Rxe1+ {[%emt 0:00:02]} 18. Qxe1 {[%emt 0:00:03]} Qb6 {[%emt 0:00:20]} 19. Bxc8 {[%emt 0:00:06]} Qxd6 {[%emt 0:00:25]} 20. Bxd7 {[%emt 0:00:06]} Qxd7 {[%emt 0:00:02]} 21. Qe3 {[%emt 0:00:10]} Qd6 {[%emt 0:00:18]} 22. Qe8+ {[%emt 0:00:12]} Bf8 {[%emt 0:00:07]} 23. Qa8 {[%emt 0:00:02]} Qd7 {[%emt 0:00:29]} 24. Re1 {[%emt 0:00:23]} Kg7 {[%emt 0:00:41]} 25. Re8 {[%emt 0:00:08]} Qd6 {[%emt 0:00:18]} 26. Qxa7 {[%emt 0:00:18]} c4 {[%emt 0:00:17]} 27. dxc4 {[%emt 0:00:08]} Qd1+ {[%emt 0:00:04]} 28. Kh2 {[%emt 0:00:07]} Bd6+ {[%emt 0:00:09]} 29. g3 {[%emt 0:00:03]} Qxc2 {[%emt 0:00:19]} 30. Rd8 {[%emt 0:00:23]} Be5 {[%emt 0:00:35]} 31. Rd7 {[%emt 0:00:12]} Qxc4 {[%emt 0:00:31]} 32. h4 {[%emt 0:01:30]} Bxb2 {[%emt 0:00:09]} 33. Qc7 {[%emt 0:00:11]} Qxa2 {[%emt 0:00:19]} 34. Rd2 {[%emt 0:00:07]} Qa3 {[%emt 0:00:51]} 35. Qc2 {[%emt 0:00:14]} Be5 {[%emt 0:00:13]} 36. Qa2 {[%emt 0:00:05]} Qxa2 {[%emt 0:00:06]} 37. Rxa2 {[%emt 0:00:02]} b4 {[%emt 0:00:01]} 38. Ra4 {[%emt 0:00:06]} b3 {[%emt 0:00:04]} 39. Rb4 {[%emt 0:00:01]} b2 {[%emt 0:00:02]} 40. Kg2 {[%emt 0:00:05]} Bc3 {[%emt 0:00:03]} 41. Rb3 {[%emt 0:00:02]} Bd4 {[%emt 0:00:04]} 42. Kf3 {[%emt 0:00:02]} h5 {[%emt 0:00:19]} 43. g4 {[%emt 0:00:10]} hxg4+ {[%emt 0:00:03]} 44. Kxg4 {[%emt 0:00:01]} f5+ {[%emt 0:00:02]} 45. Kg3 {[%emt 0:00:03]} Kf6 {[%emt 0:00:06]} 46. Kf3 {[%emt 0:00:04]} Be5 {[%emt 0:00:06]} 47. Rb6+ {[%emt 0:00:03]} Kg7 {[%emt 0:00:07]} 48. Rb5 {[%emt 0:00:02]} Bf6 {[%emt 0:00:03]} 49. Ke2 {[%emt 0:00:12]} Bd4 {[%emt 0:00:13]} 50. f3 {[%emt 0:00:07]} Kh6 {[%emt 0:00:08]} 51. Kd3 {[%emt 0:00:05]} Bg7 {[%emt 0:00:05]} 52. Kc2 {[%emt 0:00:04]} Kh5 {[%emt 0:00:05]} 53. Rb4 {[%emt 0:00:02]} g5 {[%emt 0:00:08]} 54. hxg5 {[%emt 0:00:03]} Kxg5 {[%emt 0:00:03]} 55. f4+ {[%emt 0:00:01]} Kg4 {[%emt 0:00:05]} 56. Rc4 {[%emt 0:00:08]} Kf3 {[%emt 0:00:15]} 57. Rb4 {[%emt 0:00:03]} Bf8 {[%emt 0:00:04]} 58. Rb3+ {[%emt 0:00:02]} Ke4 {[%emt 0:00:03]} 59. Rxb2 {[%emt 0:00:12]} Kxf4 {[%emt 0:00:01]} 60. Rb1 {[%emt 0:00:01]} Ke3 {[%emt 0:00:04]} 61. Rf1 {[%emt 0:00:02]} f4 {[%emt 0:00:02]} 62. Kd1 {[%emt 0:00:02]} f3 {[%emt 0:00:02]} 63. Re1+ {[%emt 0:00:01]} Kf2 {[%emt 0:00:02]} 64. Rh1 {[%emt 0:00:11]} Kg2 {[%emt 0:00:05]} 65. Re1 {[%emt 0:00:14]} f2 {[%emt 0:00:04]} 66. Re2 {[%emt 0:00:06]} Kg1 {[%emt 0:00:06]} 67. Rxf2 {[%emt 0:00:06]} Kxf2 {[%emt 0:00:01]} 68. Kd2 {[%emt 0:00:03]} f5 {[%emt 0:00:01]} 69. Kd3 {[%emt 0:00:04]} f4 {[%emt 0:00:01]} 70. Kd2 {[%emt 0:00:02]} f3 {[%emt 0:00:01]} 71. Kd1 {[%emt 0:00:02]} Kg1 {[%emt 0:00:03]} 72. Ke1 {[%emt 0:00:01]} f2+ {[%emt 0:00:01]} 73. Ke2 {[%emt 0:00:05]} f1=Q+ {[%emt 0:00:02]} 74. Ke3 {[%emt 0:00:03]} Qf2+ {[%emt 0:00:02]} 75. Ke4 {[%emt 0:00:01]} Kg2 {[%emt 0:00:02]} 76. Kd5 {[%emt 0:00:02]} Qe3 {[%emt 0:00:04]} 77. Kc6 {[%emt 0:00:02]} Qd4 {[%emt 0:00:04]} 78. Kc7 {[%emt 0:00:01]} Qd6+ {[%emt 0:00:03]} 79. Kb7 {[%emt 0:00:01]} Kf3 {[%emt 0:00:02]} 80. Kc8 {[%emt 0:00:01]} Qe7 {[%emt 0:00:03]} 81. Kb8 {[%emt 0:00:01]} Ke4 {[%emt 0:00:03]} 82. Kc8 {[%emt 0:00:01]} Kd5 {[%emt 0:00:01]} 83. Kb8 {[%emt 0:00:04]} Kc6 {[%emt 0:00:03]} 84. Kc8 {[%emt 0:00:01]} Qd7+ {[%emt 0:00:03]} 85. Kb8 {[%emt 0:00:03]} Qc7+ {[%emt 0:00:01]} 86. Ka8 {[%emt 0:00:03]} Qb7# {[%emt 0:00:01] Mate Mate} 0-1

[Event "OeISM_Rapid_u12_Girls"]
[Site "AUT_girls_U12"]
[Date "2020.12.13"]
[Round "7"]
[White "Jaguarjungle"]
[Black "Chessellis"]
[Result "0-1"]
[WhiteElo "1517"]
[BlackElo "1714"]
[Annotator "NA"]
[PlyCount "64"]
[EventDate "2020.12.13"]
[EventType "blitz"]

1. e4 {[%emt 0:00:08]} c5 {[%emt 0:00:02]} 2. Nf3 {[%emt 0:00:02]} d6 {[%emt 0:00:01]} 3. Nc3 {[%emt 0:00:02]} Nf6 {[%emt 0:00:01]} 4. Bc4 {[%emt 0:00:04]} Nc6 {[%emt 0:00:04]} 5. d3 {[%emt 0:00:03]} g6 {[%emt 0:00:05]} 6. O-O {[%emt 0:00:03]} Bg7 {[%emt 0:00:02]} 7. Bg5 {[%emt 0:00:03]} O-O {[%emt 0:00:03]} 8. Qe2 {[%emt 0:00:04]} Bg4 {[%emt 0:00:07]} 9. h3 {[%emt 0:00:04]} Nd4 {[%emt 0:00:11]} 10. hxg4 {[%emt 0:00:20]} Nxe2+ {[%emt 0:00:02]} 11. Nxe2 {[%emt 0:00:05]} Nxg4 {[%emt 0:00:11]} 12. b3 {[%emt 0:00:09]} Bxa1 {[%emt 0:00:04]} 13. Rxa1 {[%emt 0:00:03]} Ne5 {[%emt 0:00:04]} 14. Nxe5 {[%emt 0:00:03]} dxe5 {[%emt 0:00:01]} 15. Bh6 {[%emt 0:00:03]} Re8 {[%emt 0:00:03]} 16. Rf1 {[%emt 0:00:13]} e6 {[%emt 0:00:03]} 17. f4 {[%emt 0:00:03]} Qh4 {[%emt 0:00:11]} 18. fxe5 {[%emt 0:00:05]} Qxh6 {[%emt 0:00:06]} 19. Rf3 {[%emt 0:00:15]} Qd2 {[%emt 0:00:15]} 20. Rf2 {[%emt 0:00:07]} Qe3 {[%emt 0:00:27]} 21. Kf1 {[%emt 0:00:23]} Rab8 {[%emt 0:00:10]} 22. Rf3 {[%emt 0:00:05]} Qg5 {[%emt 0:00:08]} 23. Rg3 {[%emt 0:00:05]} Qxe5 {[%emt 0:00:03]} 24. c3 {[%emt 0:00:12]} b5 {[%emt 0:00:04]} 25. Bxb5 {[%emt 0:00:04]} Rxb5 {[%emt 0:00:01]} 26. d4 {[%emt 0:00:01]} cxd4 {[%emt 0:00:05]} 27. cxd4 {[%emt 0:00:00]} Qxe4 {[%emt 0:00:07]} 28. d5 {[%emt 0:00:06]} Rxd5 {[%emt 0:00:10]} 29. a4 {[%emt 0:00:04]} Rd2 {[%emt 0:00:04]} 30. Rxg6+ {[%emt 0:00:21]} hxg6 {[%emt 0:00:04]} 31. a5 {[%emt 0:00:00]} Qxe2+ {[%emt 0:00:02]} 32. Kg1 {[%emt 0:00:01]} Qxg2# {[%emt 0:00:01] Mate Mate} 0-1

[Event "OeISM_Rapid_u12_Girls"]
[Site "AUT_girls_U12"]
[Date "2020.12.13"]
[Round "7"]
[White "Efiona2008"]
[Black "Ju_Fa29"]
[Result "0-1"]
[WhiteElo "1396"]
[BlackElo "1717"]
[Annotator "NA"]
[PlyCount "62"]
[EventDate "2020.12.13"]
[EventType "blitz"]

1. e4 {[%emt 0:00:03]} e5 {[%emt 0:00:02]} 2. Nf3 {[%emt 0:00:01]} Nc6 {[%emt 0:00:03]} 3. Bc4 {[%emt 0:00:03]} Bc5 {[%emt 0:00:02]} 4. d3 {[%emt 0:00:05]} Nf6 {[%emt 0:00:05]} 5. Ng5 {[%emt 0:00:19]} O-O {[%emt 0:00:04]} 6. Be3 {[%emt 0:00:06]} Bb6 {[%emt 0:00:11]} 7. Nc3 {[%emt 0:00:08]} d6 {[%emt 0:00:12]} 8. Nf3 {[%emt 0:00:11]} Bg4 {[%emt 0:00:07]} 9. h3 {[%emt 0:00:09]} Bh5 {[%emt 0:00:04]} 10. Bg5 {[%emt 0:00:08]} h6 {[%emt 0:00:08]} 11. Bh4 {[%emt 0:00:04]} Nd4 {[%emt 0:00:33]} 12. g4 {[%emt 0:00:13]} Nxf3+ {[%emt 0:00:21]} 13. Qxf3 {[%emt 0:00:14]} Bg6 {[%emt 0:00:05]} 14. Nd5 {[%emt 0:00:09]} c6 {[%emt 0:00:50]} 15. Nxf6+ {[%emt 0:00:05]} gxf6 {[%emt 0:00:06]} 16. Bxf6 {[%emt 0:00:03]} Qd7 {[%emt 0:00:23]} 17. h4 {[%emt 0:00:16]} d5 {[%emt 0:00:36]} 18. exd5 {[%emt 0:00:16]} cxd5 {[%emt 0:00:05]} 19. Bxd5 {[%emt 0:00:05]} Bd4 {[%emt 0:00:16]} 20. h5 {[%emt 0:00:14]} Bh7 {[%emt 0:00:05]} 21. Rg1 {[%emt 0:00:13]} Bxb2 {[%emt 0:00:10]} 22. Rb1 {[%emt 0:00:10]} Bc3+ {[%emt 0:00:03]} 23. Kd1 {[%emt 0:00:06]} e4 {[%emt 0:02:01]} 24. Bxe4 {[%emt 0:00:12]} Bxe4 {[%emt 0:00:04]} 25. Qxe4 {[%emt 0:00:04]} Bxf6 {[%emt 0:00:04]} 26. f4 {[%emt 0:00:23]} Rfe8 {[%emt 0:00:09]} 27. Qf3 {[%emt 0:00:03]} Rab8 {[%emt 0:00:22]} 28. g5 {[%emt 0:00:05]} hxg5 {[%emt 0:00:12]} 29. fxg5 {[%emt 0:00:06]} Bd4 {[%emt 0:00:05]} 30. Rg4 {[%emt 0:00:10]} Qe7 {[%emt 0:00:10]} 31. h6 {[%emt 0:00:06]} Qe1# {[%emt 0:00:03] Mate Mate} 0-1